Dôvodová správa k novele zákona o dani z dedičstva, dani z darovania a dani z prevodu a prechodu nehnuteľností
Dôvodová správa k novele zákona o dani z dedičstva, dani z darovania a dani z prevodu a prechodu nehnuteľností. Všeobecná časť. Osobitná časť - komentár jednotlivých paragrafov.
Salvato in:
| Natura: | Capitolo di libro |
|---|---|
| Lingua: | slovacco |
| Soggetti: | |
| Tags: |
Nessun Tag, puoi essere il primo ad aggiungerne!!
|
MARC
| LEADER | 00000naa a2200000 4500 | ||
|---|---|---|---|
| 001 | r043785 | ||
| 005 | 20230927065511.1 | ||
| 041 | 0 | |a slo | |
| 044 | |a SK | ||
| 245 | 1 | 0 | |a Dôvodová správa k novele zákona o dani z dedičstva, dani z darovania a dani z prevodu a prechodu nehnuteľností |
| 520 | |a Dôvodová správa k novele zákona o dani z dedičstva, dani z darovania a dani z prevodu a prechodu nehnuteľností. Všeobecná časť. Osobitná časť - komentár jednotlivých paragrafov. | ||
| 610 | 2 | 0 | |a dane z dedičstva |
| 610 | 2 | 0 | |a dane z darovania |
| 610 | 2 | 0 | |a novelizácia |
| 610 | 2 | 0 | |a zákony |
| 610 | 2 | 0 | |a správy dôvodové |
| 610 | 2 | 0 | |a Slovensko |
| 610 | 2 | 0 | |a 2001 |